Anais do Encontro Anual dos Tribunais de Contas do Brasil : (Record no. 1155)

MARC details
000 -LÍDER
Campo Fixo de Controle 00896nam a2200229 a 4500
001 - NÚMERO DE CONTROLE
Campo de Controle 1155
003 - IDENTIFICAÇÃO DO NÚMERO DE CONTROLE
Campo de Controle BR-CuiBMT
005 - DATA E HORA DA ÚLTIMA ATUALIZAÇÃO
Campo de Controle 20231217150927.0
008 - DADOS FIXOS
Dados Fixos 230725s2009 mgba 100 0 por d
020 ## - INTERNATIONAL STANDARD BOOK NUMBER
Nº do ISBN 9788577002634
040 ## - AGÊNCIA CATALOGADORA
Código da Agência Catalogadora BR-CuiBMT
Agência que transcreveu o registro BR-CuiBMT
080 ## - Nº DA CLASSIFICAÇÃO DECIMAL UNIVERSAL
Nº edição CDU 2007
Nº Class. CDU 351.94:336.148
Subd. Auxiliar Comum (062)
090 ## - NÚMERO DE CHAMADA
Nº classificação 351.94:336.148(062)
Cutter E56a
111 2# - ENTRADA PRINCIPAL -- EVENTO
Nome do evento ou lugar Encontro Anual dos Tribunais de Contas do Brasil
Data da realização do evento (2008 :
Local de realização do evento Fortaleza, CE)
245 10 - TÍTULO PRINCIPAL
Título principal Anais do Encontro Anual dos Tribunais de Contas do Brasil :
Subtítulo 6 e 7 de novembro de 2008 : Fortaleza, Ceará /
Indicação de responsabilidade Associação dos Membros dos Tribunais de Contas do Brasil.
260 ## - PUBLICAÇÃO, DISTRIBUIÇÃO, ETC.
Local de publicação Belo Horizonte :
Editora Fórum,
Data 2009.
300 ## - DESCRIÇÃO FÍSICA
N. páginas ou volumes 284 p. ;
Dimensões 22 cm
650 ## - ASSUNTO TÓPICO
Cabeçalho tópico ou nome geográfico Tribunal de contas
Subdivisão geral Congressos
Subdivisão geográfica Fortaleza
650 ## - ASSUNTO TÓPICO
Cabeçalho tópico ou nome geográfico Controle externo
Subdivisão geral Congressos
Subdivisão geográfica Brasil
710 2# - ENTRADA SECUNDÁRIA -- ENTIDADE
Nome da entidade ou lugar Associação dos Membros dos Tribunais de Contas do Brasil
942 ## - ELEMENTOS DE ENTRADA ADICIONAIS (KOHA)
Fonte de classificação ou esquema de arquivamento Classificação Decimal Universal
Tipo de item do Koha Livros
Holdings
Estado: removido Estado: perdido Fonte de classificação ou esquema de arquivamento Estado: danificado Indisponível para empréstimo Localização permanente Localização atual Data de aquisição Total Checkouts Número de Chamada completo Código de barras Date last seen Número do exemplar Preço efetivo a partir de Tipo de item (Koha)
    Classificação Decimal Universal     Biblioteca da Escola Superior de Contas do TCE/MT Biblioteca da Escola Superior de Contas do TCE/MT 30/11/2023   351.94:336.148(062) E56a BIBTCEMT23111351 30/11/2023 Ex. 1 30/11/2023 Livros

Powered by Koha